000 01269nam a2200361 c 4500
003 BLK
005 20230304122419.0
008 180411b bul|||||r ||||||| ||bul||
010 _aKNG00187715000
020 _a978-954-737-968-8
_bиздат.: Аб
040 _aBLK
041 _aBUL
_cBUL
072 7 _2bullib
_aН84
_xБългарска художествена литература Н
080 _aБългарска литература
_b821.163.2
_x-8
_z821.163.2-8
100 1 _aРанов, Благой Кирилов
_eпърви автор
_9295459
139 _aРанов, Благой Кирилов
_bР 36
245 1 0 _aХляб с вкус на шоколад
_bМиниатюри, епитафии, разкази
_cБлагой Кирилов Ранов.
257 _aBGR
260 София
_bАб
_c2016
300 _a140 с.
_c21 см
380 _aX
500 _aСъдържа и за авт.
653 _aминиатюри
653 _aразкази
653 _aепифании
659 _aН
659 _aЯ
852 _aЦб 280431
856 4 _qpdf
_u
856 4 _qpdf
_u
942 _cKNG
_n0
_04
944 _aCR
_c03.05.2016
_lф /
_kВиолета_Тройчева
944 _aED
_c29.08.2016
_lф /
_kЛюдмила_Стоянова
999 _c178955
_d178955